Platební styk klasický a elektronický

Bibliographic Details
Main Author: Máče, Miroslav, 1956- (Author)
Format: Book
Language:Czech
PhysicalDescription:220 s. lit., sch. 21 cm
Published: Praha Grada 2006
ISBN:8024717255
Edition:1. vyd.
Series:Finance Osobní a rodinné finance
Subjects:

MARC

LEADER 00000aam a2200000 a 4500
001 vtls008703222
003 SK-MaSNL
005 20260426004958.0
008 240318s2006 xr l f p 000 0 cze
020 |a 8024717255  |q (brož.) 
040 |a SNK  |b slo  |c SNK  |e AACR2 
041 0 |a cze 
043 |a e-xr--- 
044 |a xr  |c CZ 
072 7 |a 336.7  |x Financie  |2 konspekt 
080 |a 336.717  |2 2011 
080 |a (437.3)  |2 2011 
080 |a (048.8)  |2 2011 
080 |a (075.8)  |2 2011 
100 1 |a Máče, Miroslav,  |d 1956-  |4 aut  |9 101001 
245 1 0 |a Platební styk  |b klasický a elektronický  |c Miroslav Máče 
246 3 8 |a Platební styk - klasický a elektronický 
250 |a 1. vyd. 
260 |a Praha  |b Grada  |c 2006 
300 |a 220 s.  |b lit., sch.  |c 21 cm 
490 1 |a Finance. Osobní a rodinné finance 
504 |a Bibliogr.: s. 219-220 
650 0 7 |a platobný styk  |2 SNKPH  |9 3664 
650 0 7 |a Banking transactions  |2 SNKPHeng  |9 334358 
651 7 |a Česko  |2 SNKPH  |9 16753 
651 7 |a Czechia  |2 SNKPHeng  |9 170107 
655 7 |a štúdie  |2 SNKPH  |9 57033 
655 7 |a učebnice vysokých škôl  |2 SNKPH  |9 70191 
655 7 |a Studies  |2 SNKPHeng  |9 265573 
655 7 |a Textbooks (higher)  |2 SNKPHeng  |9 276436 
830 0 |a Finance  |p Osobní a rodinné finance  |9 644718 
852 |a Štátna vedecká knižnica v Banskej Bystrici 
919 |a 80-247-1725-5 
999 |c 996261  |d 998191 
952 |t snkMAC 336.7  |a SNKUST  |b SNKUST  |y PREZ  |7 0  |p 17A0513622  |o snkIC 133507  |i snk2006/12446  |8 4  |g 8.46  |0 0  |1 0  |4 0  |d 2006-06-14  |l 0  |r 2025-05-29 00:00:00  |w 2026-02-24